El habla popular en la literatura costarricense (Registro nro. 142)
[ vista simple ]
| 000 -Cabecera | |
|---|---|
| Campo de control de longitud fija | 00561aam a2200205 4500 |
| 005 - Fecha y hora de la última transacción | |
| Campo de control | 20231010084200.0 |
| 008 - Elementos de longitud fija--Información general | |
| Campo de control de longitud fija | 150721b1971 xxu||||| |||| 00| 0 spa d |
| 041 ## - Idioma | |
| Código de idioma | Español |
| 082 ## - Clasificación Decimal Dewey | |
| Número de clasificación | 306.4 A779h |
| 100 ## - Entrada principal--Autor personal | |
| Nombre personal | Arroyo Soto, Victor Manuel |
| 9 (RLIN) | 14958 |
| 245 ## - Título propiamente dicho | |
| Título | El habla popular en la literatura costarricense |
| 260 ## - Pie de imprenta | |
| Lugar de publicación, distribución, etc. | Costa Rica |
| 260 ## - Pie de imprenta | |
| Nombre del editor, distribuidor, etc. | Publicaciones de la Universidad de Costa Rica |
| 260 ## - Pie de imprenta | |
| Fecha de publicación, distribución, etc. | 1971 |
| 300 ## - Descripción física | |
| Extensión | 320 páginas |
| 650 ## - Materia general | |
| Temática (materia general) | COSTA RICA |
| 650 ## - Materia general | |
| Temática (materia general) | CULTURA POPULAR |
| 650 ## - Materia general | |
| Temática (materia general) | HABLA POPULAR |
| 942 ## - Punto de acceso adicional KOHA | |
| Tipo de ítem KOHA | Literatura |
| Fuente del sistema de clasificación o colocación | Dewey Decimal Classification |
| Signatura completa | Código de barras | Tipo de ítem |
|---|---|---|
| 306.4 A779h | 622 | Libro |